[Event "POL-chT Region 0607"]
[Site "Poland"]
[Date "2007.04.01"]
[Round "11"]
[White "Bassa, Jaroslaw"]
[Black "Wisniewski, Boguslaw"]
[Result "1/2-1/2"]
[WhiteElo "2000"]
[BlackElo "1600"]
[PlyCount "79"]
[EventDate "2006.11.12"]
[EventType "team"]
[EventRounds "11"]
[EventCountry "POL"]
[SourceTitle "EXT 2008"]
[Source "ChessBase"]
[SourceDate "2007.11.25"]
[SourceVersion "1"]
[SourceVersionDate "2007.11.25"]
[SourceQuality "1"]

1. d4 d5 2. c4 c6 3. Nc3 Nf6 4. Bg5 Nbd7 5. e3 h6 6. Bh4 Ne4 7. Bd3 Nxc3 8. bxc3 Nf6 9. Ne2 Bg4 10. 0-0 Bxe2 11. Qxe2 Qd7 12. cxd5 Qxd5 13. e4 Qh5 14. Qxh5 Nxh5 15. f4 Nxf4 16. Rxf4 g5 17. Bxg5 hxg5 18. Rf5 f6 19. e5 Bg7 20. exf6 Bxf6 21. Re1 0-0-0 22. a4 Rh6 23. Rff1 Kc7 24. Bf5 Rd5 25. h3 c5 26. Be4 Rd6 27. dxc5 Ra6 28. Rb1 b6 29. cxb6+ axb6 30. Rb4 Ra5 31. Rf5 Rxf5 32. Bxf5 Bxc3 33. Rc4+ Rc6 34. Rxc6+ Kxc6 35. Kf2 Kd5 36. Bd7 e5 37. g3 e4 38. h4 gxh4 39. gxh4 Ke5 40. h5 1/2-1/2

[Event "POL-chT Region 0607"]
[Site "Poland"]
[Date "2007.03.18"]
[Round "10"]
[White "Wisniewski, Boguslaw"]
[Black "Lech, Piotr"]
[Result "1/2-1/2"]
[WhiteElo "1600"]
[BlackElo "2000"]
[PlyCount "119"]
[EventDate "2006.11.12"]
[EventType "team"]
[EventRounds "11"]
[EventCountry "POL"]
[SourceTitle "EXT 2008"]
[Source "ChessBase"]
[SourceDate "2007.11.25"]
[SourceVersion "1"]
[SourceVersionDate "2007.11.25"]
[SourceQuality "1"]

1. e4 e5 2. Nf3 Nf6 3. Nc3 Bb4 4. Nd5 Nxd5 5. exd5 Qf6 6. Qe2 0-0 7. Qe4 Bc5 8. Bc4 d6 9. h3 Bf5 10. Qh4 Qxh4 11. Nxh4 Bxc2 12. d3 f5 13. Be3 Bxe3 14. fxe3 e4 15. dxe4 Bxe4 16. 0-0 Nd7 17. Rad1 Ne5 18. Be2 Rf6 19. Nf3 Bxf3 20. gxf3 f4 21. e4 Raf8 22. Kf2 Rh6 23. Rh1 Rh4 24. Rc1 c6 25. Rc3 c5 26. Kg2 Rh6 27. Rb1 Ng6 28. Bf1 Nh4+ 29. Kf2 Rhf6 30. b4 b6 31. bxc5 bxc5 32. Ra3 R6f7 33. Ra6 Rd8 34. Bc4 Ng6 35. Ra3 Ne5 36. Be2 Rc7 37. Ke1 Kf7 38. Kd2 Rdd7 39. Kc3 Rb7 40. Rab3 Rxb3+ 41. Rxb3 Kg6 42. a4 Kh5 43. a5 Kh4 44. a6 Kxh3 45. Rb7 Kg2 46. Bb5 Rd8 47. Rxa7 Kxf3 48. Rxg7 Kxe4 49. Bc6 f3 50. Rxh7 f2 51. Rh1 Nxc6 52. dxc6 Rc8 53. a7 Kd5 54. Rf1 Kxc6 55. Rxf2 Kc7 56. Kc4 Ra8 57. Kd5 Rxa7 58. Rf8 Ra1 59. Rf7+ Kb6 60. Kxd6 1/2-1/2

[Event "POL-chT Region 0607"]
[Site "Poland"]
[Date "2006.11.26"]
[Round "3"]
[White "Wodzynski, Michal"]
[Black "Wisniewski, Boguslaw"]
[Result "1-0"]
[WhiteElo "1960"]
[BlackElo "1600"]
[PlyCount "43"]
[EventDate "2006.11.12"]
[EventType "team"]
[EventRounds "11"]
[EventCountry "POL"]
[SourceTitle "EXT 2008"]
[Source "ChessBase"]
[SourceDate "2007.11.25"]
[SourceVersion "1"]
[SourceVersionDate "2007.11.25"]
[SourceQuality "1"]

1. e4 c5 2. Nf3 Nc6 3. d4 cxd4 4. Nxd4 e6 5. Be3 Nf6 6. Nd2 Be7 7. c4 0-0 8. Bd3 Ne5 9. Be2 b6 10. f4 Ng6 11. e5 Ne8 12. 0-0 Bb7 13. Bf3 d5 14. Qc2 Rc8 15. f5 Nxe5 16. fxe6 Nxc4 17. Nxc4 Rxc4 18. Qf5 Nc7 19. exf7+ Rxf7 20. Qxf7+ Kxf7 21. Bxd5+ Kg6 22. Bf7# 1-0